Utrecht Neighbourhoods - Statistics

General Stats
  • This quiz has been taken 55 times
  • The average score is 26 of 111
Answer Stats
District Neighbourhood % Correct
Overvecht Poldergebied Overvecht
80%
Zuidwest Bedrijvengebied Kanaleneiland
73%
Zuidwest Kanaleneiland-Noord
73%
Zuidwest Kanaleneiland-Zuid
73%
Vleuten-De Meern Vleuten
66%
Noordwest Zuilen-Noord
66%
Vleuten-De Meern De Meern-Noord
59%
Vleuten-De Meern De Meern-Zuid
59%
West Lombok-Oost
55%
West Lombok-West
55%
Zuid Lunetten-Noord
52%
Zuid Lunetten-Zuid
52%
Noordoost Tuindorp-Oost
52%
Noordoost Tuindorp-West
52%
Noordoost Wittevrouwen
52%
Leidsche Rijn Leidsche Rijn-Centrum
50%
Noordwest Ondiep
45%
West Oog In Al
45%
Noordoost Tijnwijk-Oost
43%
Noordoost Tuinwijk-West
43%
Noordoost Vogelenbuurt
43%
Zuid Nieuw Hoograven-Noord
41%
Zuid Nieuw Hoograven-Zuid
41%
Zuid Oud Hoograven-Noord
41%
Zuid Oud Hoograven-Zuid
41%
Oost Wilhelminapark
41%
Oost Oudwijk
34%
Leidsche Rijn Terwijde-Oost
34%
Leidsche Rijn Terwijde-West
34%
Zuidwest Transwijk-Noord
34%
Zuidwest Transwijk-Zuid
34%
Zuidwest Rivierenwijk
32%
Noordoost Voordorp
32%
Oost Rijnsweerd
30%
Oost Utrecht Science Park
30%
Oost Sterrenwijk
27%
Binnenstad Beurskwartier
25%
Leidsche Rijn Het Zand-Oost
25%
Leidsche Rijn Het Zand-West
25%
Oost Buiten Wittevrouwen
23%
Binnenstad Domkwartier
23%
West Nieuw-Engeland
23%
West Den Hommel
20%
Leidsche Rijn Parkwijk-Noord
20%
Leidsche Rijn Parkwijk-Zuid
20%
Noordwest Pijlsweerd-Noord
20%
Noordwest Pijlsweerd-Zuid
20%
Zuid Tolsteeg
20%
Vleuten-De Meern Vleuterweide-Centrum
20%
Vleuten-De Meern Vleuterweide-West
20%
Vleuten-De Meern Vleuterweide-Zuid
20%
Noordoost Zeeheldenbuurt
20%
Oost Abstede
18%
Zuidwest Dichterswijk
18%
Oost Galgenwaard
18%
Vleuten-De Meern Haarrijn
18%
Noordwest Julianapark
18%
Vleuten-De Meern Maximapark
18%
Binnenstad Vredenburgkwartier
18%
Noordwest 1e Daalsebuurt
16%
Noordwest 2e Daalsebuurt
16%
Leidsche Rijn Bedrijvengebied Papendorp
16%
Noordwest Bloemenbuurt
16%
Noordwest Elinkwijk
16%
Vleuten-De Meern Haarzuilens
16%
Leidsche Rijn Langerak
16%
Binnenstad Museumkwartier
16%
Oost Schildersbuurt
16%
Leidsche Rijn Hogeweide
14%
West Laan van Nieuw-Guinea
14%
Leidsche Rijn Rijnvliet
14%
Zuid Rotsoord
14%
Vleuten-De Meern Veldhuizen
14%
West Bedrijventerrein Lage Weide
11%
West Halve Maan-Noord
11%
West Halve Maan-Zuid
11%
Noordoost Lauwerecht
11%
Noordwest Schaakbuurt
11%
West Schepenbuurt
11%
Binnenstad Universiteitskwartier
11%
Oost Watervogelbuurt
11%
West Welgelegen
11%
Overvecht Wolga- en Donaudreef
11%
Vleuten-De Meern Bedrijvengebied Oudenrijn
9%
Leidsche Rijn Bedrijvengebied Strijkviertel
9%
Zuid Bokkenbuurt
9%
Overvecht Taag- en Rubicondreef
9%
Noordwest Driehoek
7%
Noordoost Staatsliedenbuurt
7%
Overvecht Tigris- en Bostondreef
7%
Overvecht Amazone- en Nicaraguadreef
5%
Leidsche Rijn Bedrijventerrein de Wetering
5%
Leidsche Rijn Grauwaart
5%
Binnenstad Hooch Boulandt
5%
West Leidseweg
5%
Oost Maarschalkerweerd
5%
Overvecht Neckardreef
5%
Noordwest Prins Bernhardplein
5%
Oost Rubenslaan
5%
Binnenstad Stadhuiskwartier
5%
Overvecht Zambesidreef
5%
Binnenstad Bleekstraat
2%
Noordwest Geuzenwijk
2%
Noordoost Huizingabuurt
2%
Leidsche Rijn Leeuwesteyn
2%
Oost Lodewijk Napoleonplantsoen
2%
Noordwest Loevenhoutsedijk
2%
Overvecht Nieuw Overvecht
2%
Noordwest Queekhovenplein
2%
Overvecht Zamenhofdreef
2%
Vleuten-De Meern Rijnenburg
0%
No matching quizzes found
Score Distribution
Percent of People with Each Score
Percentile by Number Answered
Your Score History
You have not taken this quiz